1799 1902 1817 1163 1846 1872 1964 1986 1561 1121 1384 1449 1635 1606 1982 1261 1376 1307 1165 1946 1177 1221 1842 1095 1685 1754 1393 1078 1158 1437 1942 1922 1862 1510 1699 1036 1273 1016 1465 1518 1327 1219 1473 1749 1982 1772 1885 1240 1922 1772 1206 1496 1065 1595 1623 1680 1384 1671 1196 1489 1605 1101 1955 1234 1092 1496 1814 1780 1505 1409 1487 1078 1988 1728 1167 1362 1478 1260 1805 1308 1501 1196 1797 1193 1350 1430 1692 1709 1256 1864 1653 1196 1689 1563 1952 1391 1675 1767 1563 BCNSPRNW ULIB Ver.6.0+V

เปลี่ยนเป็นภาษาไทย

Change to English
 แสดงรายละเอียดบรรณานุกรม
  กลับหน้าหลัก

Brief Record : Get Marc (ISO 2709) : E-mail record : QR code < ปิดหน้าต่าง
LEADER : 00000nam 2200000uu 4500
001    13399112011
003     ULIB
008    110721s2554||||th 000 0 tha d
020    9786167495057
060  4 WY152^bผ225พ 2554
100 0  ผ่องพรรณ อรุณแสง
245 10 การพยาบาลปัญหาสำคัญของผู้สูงอายุ :^bการนำใช้ /^cผ่องพรรณอรุณแสง
250    พิมพ์ครั้งที่ 1
260    ขอนแก่น :^bโรงพิมพ์คลังนานาวิทยา,^c2554
300    ก-ฒ, 290 หน้า
500    ^"ผู้จัดทำสังกัดคณะพยาบาลศาสตร์ มหาวิทยาลัยขอนแก่น^"
650  7 การพยาบาลผู้สูงอายุ
650  7 ผู้สูงอายุ^xการดูแล
650  7 วัยชรา^xการดูแล
945    ^p300^l0^i030357
945    ^p300^l0^i030358
945    ^p300^l0^i030359
945    ^p300^l0^i030360
945    ^p300^l0^i030361
945    ^p300^l0^i030362
945    ^p300^l0^i030363
995    เกษร
999    ^aวรรณษา ชูชัยมงคล
รายการนี้ยังไม่มีแท็ก
คุณยังไม่ได้ล็อกอิน คุณสามารถมีกิจกรรมร่วมกับเว็บไซต์ได้ แต่ต้องล็อกอินก่อน ::
  ล็อกอิน

รายการสื่อสารสนเทศ

ลำดับที่ ประเภท เลขเรียก/บาร์โค้ด สถานที่ สถานะ
1. วิทยาศาสตร์การแพทย์ และสุขภาพ
หนังสือสำรอง
สถานะ=หนังสือสำรอง
WY152 ผ225พ 2554 ฉ.1 
  Barcode: 030357
ห้องสมุดวิทยาเขตสวรรค์ประชารักษ์
►ส่วนจัดเก็บหนังสือเก่า สปร
บนชั้น
  ขอยืม
2. วิทยาศาสตร์การแพทย์ และสุขภาพ
วิทยาศาสตร์การแพทย์ และสุขภาพ
WY152 ผ225พ 2554 ฉ.3 
  Barcode: 030359
ห้องสมุดวิทยาเขตสวรรค์ประชารักษ์
►ส่วนจัดเก็บหนังสือเก่า สปร
บนชั้น
  ขอยืม
3. วิทยาศาสตร์การแพทย์ และสุขภาพ
วิทยาศาสตร์การแพทย์ และสุขภาพ
WY152 ผ225พ 2554 ฉ.4 
  Barcode: 030360
ห้องสมุดวิทยาเขตสวรรค์ประชารักษ์
►ส่วนจัดเก็บหนังสือเก่า สปร
บนชั้น
  ขอยืม
4. วิทยาศาสตร์การแพทย์ และสุขภาพ
วิทยาศาสตร์การแพทย์ และสุขภาพ
WY152 ผ225พ 2554 ฉ.5 
  Barcode: 030361
ห้องสมุดวิทยาเขตสวรรค์ประชารักษ์
►ส่วนจัดเก็บหนังสือเก่า สปร
บนชั้น
  ขอยืม
5. วิทยาศาสตร์การแพทย์ และสุขภาพ
วิทยาศาสตร์การแพทย์ และสุขภาพ
WY152 ผ225พ 2554 ฉ.6 
  Barcode: 030362
ห้องสมุดวิทยาเขตสวรรค์ประชารักษ์
►ส่วนจัดเก็บหนังสือเก่า สปร
บนชั้น
  ขอยืม

รายการใกล้เคียง
    ผู้แต่ง [ผ่องพรรณ อรุณแสง]

    หัวเรื่อง [การพยาบาลผู้สูงอายุ]
    หัวเรื่อง [ผู้สูงอายุ การดูแล]

BibComment


ยังไม่เคยถูกคอมเมนท์

คอมเมนท์ทรัพยากรรายการนี้
  คอมเมนท์: การพยาบาลปัญหาสำค..


 Copyright 2026. Bcnsprnw @Library